Sports Quiz

Random Sports or Football Quiz

Ohio State vs. Oregon (2015) Quiz Stats

 Plays Quiz Updated Jan 12, 2015

Also try: NCAA FBS Nicknames
Challenge
Share
Tweet
Embed
Score 0/22 Timer 10:00
1 Play Today
Hint Answer % Correct
Ohio StateBuckeyes
96.5%
OregonDucks
93.3%
Ohio StateBig 10
92.2%
OregonPac-12
86.8%
Ohio StateUrban Meyer
86.7%
Ohio StateColumbus, OH
83.9%
OregonGreen and Yellow
78.1%
OregonEugene, OR
71.4%
Ohio State2002
71.2%
OregonMarcus Mariota
69.7%
OregonNever
64.9%
Hint Answer % Correct
Ohio StateVirginia Tech
64.6%
OregonRose Bowl
61.7%
Ohio StateOhio Stadium
60.6%
OregonArizona
60.2%
Ohio StateTroy Smith
56.8%
Ohio StateBrutus the Buckeye
55.6%
Ohio StateSugar Bowl
53.7%
Ohio StateScarlet and Gray
49%
OregonMark Helfrich
40.3%
OregonAutzen Stadium
37.5%
OregonThe Oregon Duck
25.9%

You're not logged in!

Compare scores with friends on all Sporcle quizzes.
OR
Log In

You Might Also Like...

Show Comments

Extras

Top Quizzes Today


Score Distribution

Your Account Isn't Verified!

In order to create a playlist on Sporcle, you need to verify the email address you used during registration. Go to your Sporcle Settings to finish the process.

Report this User

Report this user for behavior that violates our Community Guidelines.

Details: